00577nam a2200133Ia 4500008004100000020001800041245009900059260003900158650007700197650001400274856004500288999001900333952009100352171212s9999 xx 000 0 und d a9780874216738 ceditor Sherman, Sharon R.;Koven, Mikel J.aFolklore/CinemabPopular Film as Vernacular Culture bUniversity Press of Coloradoc2007 aMotion pictures; Folklore in motion pictures; Culture in motion pictures aSociology uwww.jstor.org/stable/10.2307/j.ctt4cgnbm c353069d353069 001040aCLbCLd2017-12-12l0oPN1994.F545 2007r2017-12-12 00:00:00w2017-12-12yCBE